Statistics for NBA Most Improved Players

Click here to take the quiz!

General Stats

  • This quiz has been taken 8 times
  • The average score is 12 of 23

Answer Stats

HintAnswer% Correct
Pelicans 2020Brandon Ingram
100%
Bucks 2017Giannis Antetokounmpo
100%
Grizzlies 2022Ja Morant
100%
Knicks 2021Julius Randle
100%
Raptors 2019Pascal Siakam
100%
Trail Blazers 2016CJ McCollum
86%
Bulls 2015Jimmy Butler
86%
Pacers 2013Paul George
71%
Pacers 2000Jalen Rose
57%
Magic 2001Tracy McGrady
57%
Pacers 2018Victor Oladipo
57%
Suns 2014Goran Dragic
43%
Pacers 2002Jermaine Oneal
43%
Timberwolves 2011Kevin Love
43%
Pacers 2009Danny Granger
29%
Warriors 2003Gilbert Arenas
29%
Rockets 2010Aaron Brooks
14%
Suns 2006Boris Diaw
14%
Magic 2008Hedo Turkoglu
14%
Warriors 2007Monta Ellis
14%
Trailblazers 2004Zach Randolph
14%
Clippers 2005Bobby Simmons
0%
Magic 2012Ryan Anderson
0%

Score Distribution

Percentile by Number Answered

Percent of People with Each Score

Your Score History

You have not taken this quiz